000 00349nam a22001457a 4500
003 OSt
008 240802b |||||||| |||| 00| 0 eng d
100 _aPraveen, Hena.
245 _aDevelopment of thematic Soil... Informatics
260 _bSoil Science
_c2015
300 _aix,40p.
650 _aSoil Science
650 _aThesis
942 _2ddc
_cT
999 _c43167
_d43167